000 01919nam a22001577a 4500
041 _aukr
080 _a09
090 _bЧЕХ
100 _aЧехомська, О. М.
245 _aПедагогічні та соціально-культурні особливості розвитку сучасної освітньої діяльності Великобританії, Канади і США в умовах державного реформування освіти
260 _aОстрог
_bКАФ
_c2013
300 _a70
520 _aВступ. Розділ І. Освіта у Великобританії. 1.1. Реформування освіти у Великобританії кінця ХХ початку ХХІ століття 1.2. Початкова і середня освіта у Великобританії Висновки до І розділу Розділ ІІ. Освіта у США. 2.1. Організація і структура освіти в Сполучених Штатах Америки, дошкільна освіта 2.2. Початкова, середня і вища освіта у США 2.3. Навчальні програми і нововведення в освіті США Висновки до ІІ розділу Розділ ІІІ. Освіта в Канаді. 3.1. Початкова та середня освіта в Канаді 3.2. Вища освіта в Канаді 3.3. Порівняльна характеристика освіти Канади і України Висновки IV. Колективний договір як правовий інструмент поліпшення умов і охорони праці. Висновки. Список використаної літератури. Додати.
_0освіта, США, Канада, Великобританія
650 _aResearch Papers
999 _c285350
_d285350
942 _cBK